[Event "AUTO-OPEN-318"]
[Site "http://www.queenalice.com/game.php?id=84111"]
[Date "2006.7.9"]
[Round "1"]
[White "ALL"]
[Black "kall_ms"]
[Result "1-0"]
[WhiteElo "1925"]
[BlackElo "1621"]

1. e4 e5 2. Nf3 Nc6 3. d4 d6 4. Bb5 Bd7 5. Bxc6 Bxc6 6. Nc3 g6 7. dxe5 dxe5 8.
Qxd8+ Rxd8 9. Nxe5 Ne7 10. Nxc6 Nxc6 11. Bd2 Nd4 12. O-O-O Bb4 13. Rhe1 O-O 14.
Nd5 Bxd2+ 15. Rxd2 Nb5 16. Red1 Kg7 17. a4 c6 18. axb5 cxd5 19. Rxd5 Rxd5 20.
Rxd5 Re8 21. f3 Re7 22. Kd2 Kf6 23. Kd3 Ke6 24. Kd4 Rd7 25. Rxd7 Kxd7 26. Kd5 h6
27. c4 b6 28. b4 Kc7 29. c5 bxc5 30. bxc5 Kb7 31. e5 Kc7 32. e6 1-0

[Event "AUTO-OPEN-318"]
[Site "http://www.queenalice.com/game.php?id=84112"]
[Date "2006.7.9"]
[Round "1"]
[White "kall_ms"]
[Black "ALL"]
[Result "0-1"]
[WhiteElo "1589"]
[BlackElo "1921"]

1. e4 d5 2. exd5 Qxd5 3. Nc3 Qa5 4. d4 Nf6 5. Bc4 Bg4 6. Qd3 Nc6 7. Bg5 Qxg5 8.
Nf3 Bxf3 9. Qxf3 O-O-O 10. d5 Ne5 11. Qg3 Qxg3 12. fxg3 Nxc4 13. O-O-O Ne3 14.
Rd2 Nfxd5 15. Nxd5 Rxd5 16. Rxd5 Nxd5 17. Rf1 Kd7 18. Rxf7 Nf6 0-1

[Event "AUTO-OPEN-318"]
[Site "http://www.queenalice.com/game.php?id=84121"]
[Date "2006.7.9"]
[Round "1"]
[White "fpferreira"]
[Black "kall_ms"]
[Result "0-1"]
[WhiteElo "1325"]
[BlackElo "1536"]

1. e4 e6 2. d4 c6 3. e5 d5 4. Nf3 h6 5. Nc3 Bb4 6. a3 Bxc3+ 7. bxc3 Ne7 8. Qd3
Nf5 9. c4 O-O 10. c5 b6 11. cxb6 axb6 12. c3 Re8 13. c4 Ba6 14. Qb3 dxc4 15. Qb2
c3 16. Qxc3 Bxf1 17. Kxf1 Ra4 18. Qb3 b5 19. Qc2 Nxd4 20. Qd2 Nb3 21. Qxd8 Rxd8
22. Rb1 Rd1+ 23. Ne1 Re4 24. f3 Rexe1+ 25. Kf2 Rxh1 26. Kg3 Nxc1 0-1

[Event "AUTO-OPEN-318"]
[Site "http://www.queenalice.com/game.php?id=84122"]
[Date "2006.7.9"]
[Round "1"]
[White "kall_ms"]
[Black "fpferreira"]
[Result "1-0"]
[WhiteElo "1576"]
[BlackElo "1324"]

1. d4 d5 2. c4 dxc4 3. e3 e6 4. Bxc4 Bb4+ 5. Bd2 Nc6 6. Bxb4 Nxb4 7. a3 Nd5 8.
Bxd5 exd5 9. Nf3 Bg4 10. h3 Bh5 11. Nbd2 Nf6 12. Qc2 O-O 13. Rc1 Rc8 14. Ne5 b6
15. O-O Be2 16. Rfe1 Bh5 17. Nc6 Qd7 18. Nxa7 Ra8 19. Nc6 Qf5 20. Qxf5 Bg6 21.
Ne7+ Kh8 22. Nxg6+ fxg6 23. Qe5 Rfe8 24. Qxc7 Rab8 25. a4 h5 26. b4 Rf8 27. Nf3
b5 28. a5 Rfc8 29. Qf7 Rxc1 30. Rxc1 Ne4 31. Rc7 Ng5 32. Qxg7# 1-0

[Event "Challenge"]
[Site "http://www.queenalice.com/game.php?id=88013"]
[Date "2006.7.21"]
[Round "-"]
[White "kall_ms"]
[Black "marno"]
[Result "0-1"]
[WhiteElo "1402"]
[BlackElo "1656"]

1. d4 Nf6 2. c4 e6 3. a3 b6 4. Nc3 Bb7 5. Qc2 Nc6 6. Nf3 d5 7. e3 Na5 8. Be2
dxc4 9. O-O Nb3 10. Rb1 Ba6 11. Ne5 Qd6 12. Nxc4 Bxc4 13. Bxc4 Nxc1 14. Rbxc1
Ng4 15. g3 Be7 16. Rfe1 O-O 17. f3 Qc6 18. Ne4 Nf6 19. Nxf6+ Bxf6 20. Qd3 Qxf3
0-1

[Event "AUTO-INT-115"]
[Site "http://www.queenalice.com/game.php?id=89106"]
[Date "2006.7.24"]
[Round "1"]
[White "kall_ms"]
[Black "aarongale"]
[Result "0-1"]
[WhiteElo "1476"]
[BlackElo "1743"]

1. d4 g6 2. c4 Bg7 3. Nf3 c5 4. Nc3 d6 5. e3 Nc6 6. Be2 cxd4 7. exd4 Bg4 8. Be3
e5 9. dxe5 dxe5 10. Qxd8+ Rxd8 11. O-O Nge7 12. Rfe1 Nf5 0-1

[Event "AUTO-INT-115"]
[Site "http://www.queenalice.com/game.php?id=89107"]
[Date "2006.7.24"]
[Round "1"]
[White "aarongale"]
[Black "kall_ms"]
[Result "1-0"]
[WhiteElo "1748"]
[BlackElo "1471"]

1. e4 e5 2. Nf3 Nc6 3. Bb5 a6 4. Bxc6 dxc6 5. c3 Bg4 6. h3 Bxf3 7. Qxf3 Qf6 8.
Qd3 Bc5 9. O-O Qd6 10. Qg3 g6 11. d3 O-O-O 12. b4 Bb6 13. Rd1 1-0

[Event "AUTO-INT-115"]
[Site "http://www.queenalice.com/game.php?id=89108"]
[Date "2006.7.24"]
[Round "1"]
[White "kall_ms"]
[Black "jaychess"]
[Result "0-1"]
[WhiteElo "1529"]
[BlackElo "1720"]

1. e4 e5 2. Nf3 Nc6 3. Bb5 a6 4. Bxc6 dxc6 5. h3 Bc5 6. Nc3 Nf6 7. d3 O-O 8. Bg5
h6 9. Bxf6 Qxf6 10. Qd2 Be6 11. O-O-O Bb4 12. a3 Bxc3 13. Qxc3 Rad8 14. Rhf1 Rd7
15. Qxe5 Qxe5 16. Nxe5 Re7 17. f4 Ba2 18. b3 f6 19. Ng6 Ref7 20. Nxf8 Rxf8 0-1

[Event "AUTO-INT-115"]
[Site "http://www.queenalice.com/game.php?id=89109"]
[Date "2006.7.24"]
[Round "1"]
[White "jaychess"]
[Black "kall_ms"]
[Result "1-0"]
[WhiteElo "1728"]
[BlackElo "1520"]

1. e4 e5 2. Nf3 Nc6 3. Nc3 Nf6 4. Bc4 Bb4 5. Ng5 h6 6. Nxf7 Qe7 7. Nxh8 Bxc3 8.
dxc3 Nxe4 9. O-O d6 10. Qf3 Nf6 11. Ng6 Bg4 12. Qxg4 Nxg4 13. Nxe7 Nxe7 14. f3
Nf6 15. Be3 a6 16. a4 O-O-O 17. Be6+ Kb8 18. Rfd1 d5 19. c4 d4 20. Bf2 c5 21.
Bh4 1-0